00182nam a2200073Ia 4500008004100000100002000041245003000061260001700091120527s9999 xx 000 0 und d aCoaldrake W. H. aThe way of the carpenter. bWeather hill